Adventureland /

In 1987, James Brennan's summer begins when his plans for backpacking through Europe before grad school are scuttled by his parents' economic difficulties. That means James must stay in Pittsburgh for the summer and get a job. With no work experience, he ends up at Adventureland, a third-r...

Full description

Bibliographic Details
Corporate Authors: Yo La Tengo (Musical group), Miramax Films, Sidney Kimmel Entertainment (Firm), This is That (Firm), Buena Vista Home Entertainment (Firm)
Other Authors: Kimmel, Sidney (Producer), Carey, Anne (Producer), Hope, Ted (Producer), Mottola, Greg (Screenwriter, Director), Eisenberg, Jesse, 1983- (Actor), Stewart, Kristen, 1990- (Actor), Starr, Martin, 1982- (Actor), Wiig, Kristen, 1973- (Actor), Hader, Bill, 1978- (Actor), Levieva, Margarita, 1985- (Actor), Gilpin, Jack, 1951- (Actor), Pais, Josh, 1964- (Actor), Malick, Wendie (Actor), Birdsong, Mary (Actor), Bush, Matt, 1986- (Actor), Howard, Paige (Actor), Bittner, Dan (Actor), Reynolds, Ryan (Actor)
Format: Video DVD
Language:English
French
Language Notes:In English or dubbed French with optional subtitles in English (SDH), French, or Spanish; closed-captioned.
Published: Burbank, CA : Miramax Films : [2009]
Subjects:

MARC

Tag First Indicator Second Indicator Subfields
LEADER 00000cgm a2200000Ia 4500
001 in00002694621
005 20151202121625.0
007 vd cvaizq
008 090527p20092008cau107 vleng d
020 |a 0788899538 
020 |a 0788898388 
020 |a 9780788898389 
020 |a 9780788899539 
024 1 |a 786936795226 
024 1 0 |a 786936793994 
024 1 |a 057373206140 
028 4 2 |a 102596  |b Buena Vista Home Entertainment 
028 4 2 |a 102418  |b Buena Vista Home Entertainment 
028 4 2 |a 20614  |b Maple Pictures 
035 |a (OCoLC)ocn352926818 
035 |a (OCoLC)352926818 
037 |b Midwest Tape  |n http://www.midwesttapes.com 
040 |a TEFMT  |c TEFMT  |d TEF  |d BTCTA  |d TEFMT  |d GK8  |d IKG  |d TEFMT  |d TXI  |d IJC  |d OCLCQ  |d WAU  |d VP@  |d EINCP  |d TXI  |d UtOrBLW 
041 1 |a eng  |a fre  |g eng  |h eng  |j eng  |j fre  |j spa 
043 |a n-us-pa 
049 |a TXAM 
050 1 4 |a PN1997.2  |b .A38 2009 
082 0 4 |a 791.43/72  |2 22 
090 |a PN1997.2  |b .A35 2009 
245 0 0 |a Adventureland /  |c Miramax Films presents in association with Sidney Kimmel Entertainment ; This is That production ; produced by Sidney Kimmel, Anne Carey, Ted Hope ; written and directed by Greg Mottola. 
264 1 |a Burbank, CA :  |b Miramax Films :  |c [2009] 
264 2 |a Burbank, CA :  |b Distributed by Buena Vista Home Entertainment, 
264 4 |c ©2009 
300 |a 1 videodisc (107 min.) :  |b sound, color ;  |c 4 3/4 in. 
336 |a two-dimensional moving image  |b tdi  |2 rdacontent 
337 |a video  |b v  |2 rdamedia 
338 |a videodisc  |b vd  |2 rdacarrier 
538 |a DVD; Region 1, NTSC; 5.1 Dolby digital surround; widescreen presentation, 1.85:1 aspect ratio, enhanced for 16x9 televisions. 
546 |a In English or dubbed French with optional subtitles in English (SDH), French, or Spanish; closed-captioned. 
511 1 |a Jesse Eisenberg (James Brennan), Kristen Stewart (Em Lewin), Martin Starr (Joel), Kristen Wiig (Paulette), Bill Hader (Bobby), Margarita Levieva (Lisa P.), Jack Gilpin (Mr. Brennan), Josh Pais (Mr. Lewin), Wendie Malick (Mrs. Brennan), Mary Birdsong (Francy), Matt Bush (Tommy Frigo), Paige Howard (Sue O'Malley), Dan Bittner (Pete O'Malley), Ryan Reynolds (Mike Connell). 
508 |a Director of photography, Terry Stacey ; editor, Anne McCabe ; music, Yo La Tengo ; production designer, Stephen Beatrice ; costume designer, Melissa Toth. 
518 |a Originally produced as an American motion picture in 2008. 
521 8 |a MPAA rating: Rated R for language, drug use, and sexual references. 
520 |a In 1987, James Brennan's summer begins when his plans for backpacking through Europe before grad school are scuttled by his parents' economic difficulties. That means James must stay in Pittsburgh for the summer and get a job. With no work experience, he ends up at Adventureland, a third-rate amusement park replete with an assortment of unsafe-looking rides and lame games. Trying to make the best of his deteriorating summer, James is entangled in the lives of his coworkers: gawky bookworm Joel, hot girl Lisa P., cool girl Em, and maintenance man/musician Mike. As the summer lurches between deadly boredom and sudden emergencies, James tries to cope with his awkwardness when all he really wants is to be cool. Part workplace comedy and part coming-of-age memoir, Adventureland captures the shapeless listlessness of summer when you're technically an adult and yet you're left waiting for life to begin. 
505 0 |a Happy graduation -- You look like a games guy -- "Modern Love" -- "Rock Me Amadeus" -- "Don't Want to Know If You Are Lonely" -- Em's party -- "Looking For A Kiss" -- "I'm In Love With A Girl" -- Lisa P is back -- "Rock Me Amadeus" 2 -- "Pale Blue Eyes" -- "Rock Me Amadeus" 3 -- "Don't Dream It's Over" -- "Satellite of Love" -- Taking things slow -- Meeting needs -- "Your Love" -- Sailboats and speedboats -- "Just Like Heaven" -- Em-appreciation -- The secret's out -- "Rock Me Amadeus" 4 -- Mostly you just make me mad -- The last weekend -- "Unsatisfied" -- "Don't Change" -- "Adventureland Theme Song" -- "Farewell Adventureland". 
500 |a Special features: Just my life: The making of "Adventureland" [featurette] (17 min.); Deleted scenes [optional commentary by writer/director Greg Mottola and actor Jesse Eisenberg] (2 min.); Audio commentary by writer/director Greg Mottola and actor Jesse Eisenberg; Sneak peeks [previews] (11 min.). 
500 |a Videorecording. 
650 0 |a Amusement parks  |v Drama. 
650 0 |a Summer employment  |v Drama. 
650 0 |a Man-woman relationships  |v Drama. 
650 0 |a Young adults  |x Conduct of life  |v Drama. 
650 0 |a College graduates  |x Employment  |v Drama. 
651 0 |a Pittsburgh (Pa.)  |v Drama. 
650 7 |a Estudiantes universitarios  |x Trabajo  |z Estados Unidos  |v Teatro.  |2 bidex 
650 7 |a Parques de diversiones  |z Estados Unidos  |v Teatro.  |2 bidex 
655 7 |a Romantic comedy films.  |2 lcgft 
655 7 |a Fiction films.  |2 lcgft 
655 7 |a Feature films.  |2 lcgft 
655 7 |a Video recordings for the hearing impaired.  |2 lcgft 
655 7 |a Feature films  |z United States.  |2 local 
700 1 |a Kimmel, Sidney,  |e producer. 
700 1 |a Carey, Anne,  |e producer. 
700 1 |a Hope, Ted,  |e producer. 
700 1 |a Mottola, Greg,  |e screenwriter,  |e director. 
700 1 |a Eisenberg, Jesse,  |d 1983-  |e actor. 
700 1 |a Stewart, Kristen,  |d 1990-  |e actor. 
700 1 |a Starr, Martin,  |d 1982-  |e actor. 
700 1 |a Wiig, Kristen,  |d 1973-  |e actor. 
700 1 |a Hader, Bill,  |d 1978-  |e actor. 
700 1 |a Levieva, Margarita,  |d 1985-  |e actor. 
700 1 |a Gilpin, Jack,  |d 1951-  |e actor. 
700 1 |a Pais, Josh,  |d 1964-  |e actor. 
700 1 |a Malick, Wendie,  |e actor. 
700 1 |a Birdsong, Mary,  |e actor. 
700 1 |a Bush, Matt,  |d 1986-  |e actor. 
700 1 |a Howard, Paige,  |e actor. 
700 1 |a Bittner, Dan,  |e actor. 
700 1 |a Reynolds, Ryan,  |e actor. 
710 2 |a Yo La Tengo (Musical group) 
710 2 |a Miramax Films. 
710 2 |a Sidney Kimmel Entertainment (Firm) 
710 2 |a This is That (Firm) 
710 2 |a Buena Vista Home Entertainment (Firm) 
994 |a C0  |b TXA 
948 |a cataloged  |b h  |c 2011/5/20  |d c  |e agaffey  |f 3:48:11 pm 
999 |a MARS 
999 f f |s a40ec3ec-6d55-39ae-9505-c767a9e1da9b  |i 538d993b-d924-3fb2-82e9-c5f71b00b405  |t 0 
952 f f |p dvd  |a Texas A&M University  |b College Station  |c Sterling C. Evans Library  |d Evans: Media and Reserves (Annex 1st floor)  |t 0  |e PN1997.2 .A35 2009  |h Library of Congress classification  |i video -- videodisc  |m A14841039803 
998 f f |a PN1997.2 .A35 2009  |t 0  |l Evans: Media and Reserves (Annex 1st floor)